01005nam a2200241Ia 4500003000900000008004100009020001800050040001600068080002100084111007700105245027700182260004200459300001400501490002600515500002600541650004100567650001700608650002300625700002600648700002500674700002600699710003800725IN-BaIIA211028s9999 xx 000 0 eng d a90-277-1116-X cIIA Library a082.2:52bIAU-88 aInternational Astronomical Union Symposiumn88thcCanadad1979 Aug. 7-10 0aClose binary stars- observations and interpretationbproceedings of the International Astronomical Union Symposium No.88 held in Toronto, Canada, August 7-10, 1979cedited by Mirek J. Plavec, Danialm Popper and Roger K. Ulrich  aDordrechtbD. Reidel Publishingc1980 axx, 598p. aIAU Symposium; no. 88 aDonated by Mrs. Bappu aAstronomy and Astrophysics Thesaurus aBinary Stars aClose Binary Stars aPlavec, Mirek J., ed. aPopper, Danialm, ed. aUlrich, Roger K., ed. aInternational Astronomical Union